ARRUPE JESUIT UNIVERSITY

CORONAVIRUS -STOP THE SPREAD - CLEAN,DISINFECT,COVER

Diaries (Record no. 119346)

MARC details
000 -LEADER
fixed length control field 00420nam a22001457a 4500
008 - FIXED-LENGTH DATA ELEMENTS--GENERAL INFORMATION
fixed length control field 131219b xxu||||| |||| 00| 0 eng d
050 ## - LIBRARY OF CONGRESS CALL NUMBER
Classification number DA591.C58A3 1993
100 ## - MAIN ENTRY--PERSONAL NAME
Personal name Clark, Alan
9 (RLIN) 5939
245 ## - TITLE STATEMENT
Title Diaries
Statement of responsibility, etc Alan Clark
260 ## - PUBLICATION, DISTRIBUTION, ETC. (IMPRINT)
Place of publication, distribution, etc London
Name of publisher, distributor, etc Phoenix
Date of publication, distribution, etc 1993
300 ## - PHYSICAL DESCRIPTION
Extent xxi; 421p.;
Dimensions 20cm
600 ## - SUBJECT ADDED ENTRY--PERSONAL NAME
Personal name Clark, Alan
9 (RLIN) 5940
650 ## - SUBJECT ADDED ENTRY--TOPICAL TERM
Topical term or geographic name as entry element Diaries
General subdivision Politics
Chronological subdivision 1979-1997
Geographic subdivision Great Britain
9 (RLIN) 5941
942 ## - ADDED ENTRY ELEMENTS (KOHA)
Source of classification or shelving scheme Library of Congress Classification
Item type Monograph ( Printed materials)
Holdings
Withdrawn status Lost status Source of classification or shelving scheme Damaged status Not for loan Home library Current library Date acquired Total Checkouts Full call number Barcode Date last seen Price effective from Koha item type
    Library of Congress Classification     ARRUPE LIBRARY ARRUPE LIBRARY 19/12/2013   DA591.C58A3 1993 464123056 27/10/2017 19/12/2013 Monograph ( Printed materials)

 

Arrupe Library. PO Box MP320 Mt Pleasant, Harare, Zimbabwe
263 242 745411|librarian@aju.ac.zw